[Event "AUT-chT2O 1112"]
[Site "Austria"]
[Date "2012.01.14"]
[Round "5.6"]
[White "Sulyok, Michael"]
[Black "Mayr, Thomas"]
[Result "1/2-1/2"]
[WhiteElo "2200"]
[BlackElo "2094"]
[PlyCount "60"]
[EventDate "2011.10.15"]
[EventType "team-tourn"]
[EventRounds "11"]
[EventCountry "AUT"]
[SourceTitle "EXT 2013"]
[Source "ChessBase"]
[SourceDate "2012.11.22"]
[SourceVersion "1"]
[SourceVersionDate "2012.11.22"]
[SourceQuality "1"]
[WhiteTeam "Baden Invest"]
[BlackTeam "Eichgraben"]
[WhiteTeamCountry "AUT"]
[BlackTeamCountry "AUT"]

1. c4 c5 2. g3 Nf6 3. Bg2 d5 4. cxd5 Nxd5 5. Nc3 Nc7 6. Nf3 Nc6 7. 0-0 e5 8. a3 Be7 9. b4 0-0 10. b5 Nd4 11. Nxe5 Bf6 12. f4 Bxe5 13. fxe5 Ndxb5 14. Nxb5 Nxb5 15. Bb2 Be6 16. Rc1 c4 17. e3 Nc7 18. a4 Nd5 19. Ba3 Re8 20. Rb1 b6 21. Bd6 Rc8 22. Be4 Qg5 23. Qf3 Ne7 24. a5 Ng6 25. axb6 axb6 26. Rxb6 Nxe5 27. Qf4 Qxf4 28. exf4 Nd7 29. Rc6 Nf6 30. Rxc8 Rxc8 1/2-1/2

[Event "AUT-chT2O 1112"]
[Site "Austria"]
[Date "2011.11.05"]
[Round "3.6"]
[White "Sulyok, Michael"]
[Black "Bozinovic, Boban"]
[Result "1-0"]
[WhiteElo "2200"]
[BlackElo "2113"]
[PlyCount "85"]
[EventDate "2011.10.15"]
[EventType "team-tourn"]
[EventRounds "11"]
[EventCountry "AUT"]
[SourceTitle "EXT 2013"]
[Source "ChessBase"]
[SourceDate "2012.11.22"]
[SourceVersion "1"]
[SourceVersionDate "2012.11.22"]
[SourceQuality "1"]
[WhiteTeam "Baden Invest"]
[BlackTeam "Pamhagen"]
[WhiteTeamCountry "AUT"]
[BlackTeamCountry "AUT"]

1. c4 e5 2. g3 Nf6 3. Bg2 d5 4. cxd5 Nxd5 5. Nc3 Nb6 6. Nf3 Nc6 7. 0-0 Be7 8. a3 a5 9. d3 0-0 10. Be3 Re8 11. Rc1 Bf8 12. Na4 Nd5 13. Bc5 Bxc5 14. Nxc5 b6 15. Qa4 Nce7 16. Nb3 Ng6 17. Nbd2 Bd7 18. Qc2 Ra7 19. h4 h6 20. Rfe1 Nf6 21. Nc4 Qe7 22. e4 Qc5 23. Qd2 Qf8 24. d4 exd4 25. Qxd4 Bb5 26. Nxb6 cxb6 27. Qxb6 Raa8 28. Qxb5 Rab8 29. Qa4 Rxb2 30. e5 Nd5 31. Qd4 Qxa3 32. Qxd5 Nf8 33. Ra1 Qc3 34. Qxa5 Qc2 35. Rf1 Ne6 36. Bh3 Rb3 37. Bxe6 Rxf3 38. Bg4 Rc3 39. Bd7 Qb3 40. Qxc3 Qxc3 41. Bxe8 Qxe5 42. Rfe1 Qc3 43. Rab1 1-0

[Event "Niederoesterreich Landesliga 1011"]
[Site "Austria"]
[Date "2011.03.20"]
[Round "12"]
[White "Sulyok, Michael"]
[Black "Bechmann, Gerhard"]
[Result "1/2-1/2"]
[WhiteElo "2225"]
[BlackElo "2060"]
[PlyCount "57"]
[EventDate "2010.09.12"]
[EventType "team-tourn"]
[EventRounds "13"]
[EventCountry "AUT"]
[SourceTitle "EXT 2022"]
[Source "ChessBase"]
[SourceDate "2021.10.06"]
[SourceVersion "1"]
[SourceVersionDate "2021.10.06"]
[SourceQuality "1"]

1. c4 c5 2. Nc3 Nc6 3. g3 Nf6 4. Bg2 e5 5. d3 Be7 6. Nf3 0-0 7. Nd2 d6 8. Nf1 a6 9. Ne3 Rb8 10. 0-0 Bd7 11. a4 Nd4 12. Ned5 Bc6 13. e3 Ne6 14. f4 exf4 15. gxf4 Nc7 16. Bd2 Nfxd5 17. cxd5 Bd7 18. a5 Bf6 19. Qc2 Nb5 20. Na4 Re8 21. Nb6 Bg4 22. Kh1 Bh4 23. Nc4 Qf6 24. Bc3 Qh6 25. Be1 Bf6 26. Bg3 Qh5 27. Rae1 Rbd8 28. Qf2 g6 29. Qd2 1/2-1/2

[Event "Niederoesterreich Landesliga 1011"]
[Site "Austria"]
[Date "2011.01.09"]
[Round "8.2"]
[White "Pammer, Andreas"]
[Black "Sulyok, Michael"]
[Result "1/2-1/2"]
[WhiteElo "2104"]
[BlackElo "2225"]
[PlyCount "24"]
[EventDate "2010.09.12"]
[EventType "team-tourn"]
[EventRounds "13"]
[EventCountry "AUT"]
[SourceTitle "EXT 2022"]
[Source "ChessBase"]
[SourceDate "2021.10.06"]
[SourceVersion "1"]
[SourceVersionDate "2021.10.06"]
[SourceQuality "1"]

1. c4 f5 2. g3 Nf6 3. Nc3 g6 4. Nf3 Bg7 5. Bg2 d6 6. 0-0 0-0 7. d3 Nc6 8. Rb1 a5 9. a3 Nh5 10. e3 e5 11. Nd5 h6 12. b4 axb4 1/2-1/2

[Event "AUT-chT2O 0910"]
[Site "Austria"]
[Date "2010.01.31"]
[Round "6.4"]
[White "Koffler, Daniel"]
[Black "Sulyok, Michael"]
[Result "1-0"]
[WhiteElo "2236"]
[BlackElo "2240"]
[PlyCount "63"]
[EventDate "2009.10.17"]
[EventType "team-tourn"]
[EventRounds "11"]
[EventCountry "AUT"]
[SourceTitle "EXT 2011"]
[Source "ChessBase"]
[SourceDate "2010.11.26"]
[SourceVersion "1"]
[SourceVersionDate "2010.11.26"]
[SourceQuality "1"]
[WhiteTeam "Nickelsdorf"]
[BlackTeam "Baden Invest II"]
[WhiteTeamCountry "AUT"]
[BlackTeamCountry "AUT"]

1. d4 f5 2. g3 Nf6 3. Bg2 g6 4. c4 Bg7 5. Nc3 0-0 6. Nf3 d6 7. 0-0 Qe8 8. d5 a5 9. Rb1 Na6 10. b3 Bd7 11. Bb2 c6 12. Nd4 Nc5 13. a3 Rc8 14. b4 axb4 15. axb4 Nce4 16. Nxe4 Nxe4 17. Qd3 Nf6 18. Rfc1 Qf7 19. dxc6 bxc6 20. b5 cxb5 21. cxb5 f4 22. gxf4 Nh5 23. Rxc8 Bxc8 24. e3 e5 25. Qb3 Qxb3 26. Nxb3 Be6 27. Na5 exf4 28. Bxg7 Kxg7 29. b6 Bf5 30. Rb2 Rc8 31. Nc6 Ra8 32. Na7 1-0

[Event "AUT-chT2O 0809"]
[Site "Austria"]
[Date "2009.01.17"]
[Round "6.4"]
[White "Sulyok, Michael"]
[Black "Weissenbeck, Manuel"]
[Result "1/2-1/2"]
[WhiteElo "2227"]
[BlackElo "2279"]
[PlyCount "96"]
[EventDate "2008.10.03"]
[EventType "tourn"]
[EventRounds "11"]
[EventCountry "AUT"]
[SourceTitle "EXT 2010"]
[Source "ChessBase"]
[SourceDate "2010.11.25"]
[SourceVersion "1"]
[SourceVersionDate "2010.11.25"]
[SourceQuality "1"]
[WhiteTeam "Baden II"]
[BlackTeam "Eichgraben"]
[WhiteTeamCountry "AUT"]
[BlackTeamCountry "AUT"]

1. c4 Nf6 2. Nc3 e5 3. g3 Bb4 4. Bg2 0-0 5. Nf3 Re8 6. 0-0 c6 7. Qb3 Na6 8. d4 d6 9. dxe5 dxe5 10. Rd1 Qa5 11. Bd2 e4 12. a3 exf3 13. axb4 Qxb4 14. Qxb4 Nxb4 15. Bxf3 Nc2 16. Ra4 Nd4 17. Bg2 Nxe2+ 18. Nxe2 Rxe2 19. Be3 Bg4 20. Rxa7 Re8 21. Rc1 Rxb2 22. Bd4 Rb4 23. h3 Bf5 24. Bf1 h6 25. g4 Bd7 26. Rd1 Be6 27. Bc5 Rb3 28. Re1 Nd7 29. Bd4 c5 30. Ba1 g6 31. Bg2 Rb8 32. Rd1 h5 33. gxh5 gxh5 34. Bd5 Nb6 35. Bxe6 fxe6 36. Be5 Rc8 37. Rxb7 Nxc4 38. Rxb3 Nxe5 39. Re3 Ng6 40. Rxe6 Nf4 41. Re3 c4 42. Rf3 Nd3 43. Kf1 Kg7 44. Ke2 Rc5 45. Rg1+ Kh6 46. Kd2 Re5 47. Rf6+ Kh7 48. f3 Ra5 1/2-1/2

[Event "EU-Cup 24th"]
[Site "Kallithea"]
[Date "2008.10.20"]
[Round "4"]
[White "Sulyok, Michael"]
[Black "Maier, Christian"]
[Result "0-1"]
[WhiteElo "2227"]
[BlackElo "2328"]
[PlyCount "142"]
[EventDate "2008.10.17"]
[EventType "team-swiss"]
[EventRounds "7"]
[EventCountry "GRE"]
[SourceTitle "CBM 127"]
[Source "ChessBase"]
[SourceDate "2008.11.13"]
[SourceVersion "1"]
[SourceVersionDate "2008.11.13"]
[SourceQuality "1"]
[WhiteTeam "Baden Invest"]
[BlackTeam "Reichenstein"]
[WhiteTeamCountry "AUT"]
[BlackTeamCountry "SUI"]

1. c4 e5 2. g3 Nc6 3. Bg2 h5 4. h4 Nf6 5. Nc3 Bb4 6. Nd5 Nxd5 7. cxd5 Ne7 8. Nf3 Ng6 9. 0-0 c6 10. d4 Qe7 11. dxe5 Nxe5 12. Nxe5 Qxe5 13. Qb3 Qe7 14. Bg5 f6 15. Bf4 Bc5 16. Qd3 cxd5 17. Bxd5 d6 18. b4 Bb6 19. Rfd1 Be6 20. Bf3 d5 21. Qb5+ Qd7 22. Qxd7+ Kxd7 23. Bxd5 Bxd5 24. Rxd5+ Ke6 25. Rad1 Rhd8 26. e4 Rac8 27. a4 Rxd5 28. exd5+ Kd7 29. a5 Bd8 30. Be3 Rc4 31. Rb1 Be7 32. b5 Bc5 33. b6 a6 34. Kg2 Kd6 35. Rd1 Bxe3 36. fxe3 Rc5 37. Ra1 Kxd5 38. Kf3 Kc6 39. g4 hxg4+ 40. Kxg4 Kb5 41. e4 Kb4 42. Rd1 Kxa5 43. Rd7 Kxb6 44. Rxg7 Rc1 45. Rg6 Rg1+ 46. Kf5 Rf1+ 47. Ke6 a5 48. h5 a4 49. h6 a3 50. h7 Rh1 51. Rg3 Rxh7 52. Rxa3 Rh4 53. Kd5 Rf4 54. Rb3+ Kc7 55. Rc3+ Kb8 56. Rb3 Rf1 57. Rb4 Kc7 58. Kc5 Rd1 59. Rb3 b6+ 60. Kb5 Rc1 61. Rf3 Rc5+ 62. Kb4 Rc6 63. Kb5 Re6 64. Rc3+ Kd6 65. Kxb6 Ke5+ 66. Kc5 Kxe4 67. Ra3 f5 68. Ra1 f4 69. Re1+ Kf5 70. Rf1 Kg4 71. Kd4 f3 0-1

[Event "EU-Cup 24th"]
[Site "Kallithea"]
[Date "2008.10.18"]
[Round "2"]
[White "Meins, Gerlef"]
[Black "Sulyok, Michael"]
[Result "1/2-1/2"]
[WhiteElo "2460"]
[BlackElo "2227"]
[PlyCount "37"]
[EventDate "2008.10.17"]
[EventType "team-swiss"]
[EventRounds "7"]
[EventCountry "GRE"]
[SourceTitle "CBM 127"]
[Source "ChessBase"]
[SourceDate "2008.11.13"]
[SourceVersion "1"]
[SourceVersionDate "2008.11.13"]
[SourceQuality "1"]
[WhiteTeam "Werder Bremen"]
[BlackTeam "Baden Invest"]
[WhiteTeamCountry "GER"]
[BlackTeamCountry "AUT"]

1. d4 f5 2. g3 Nf6 3. Bg2 g6 4. Nf3 Bg7 5. 0-0 0-0 6. c4 d6 7. Nc3 Qe8 8. d5 a5 9. Nd4 Na6 10. b3 Bd7 11. Bb2 g5 12. e3 f4 13. exf4 gxf4 14. Qe2 Nc5 15. Ncb5 Rc8 16. Na7 Ra8 17. Nab5 Rc8 18. Na7 Ra8 19. Nab5 1/2-1/2

[Event "Niederoesterreich Landesliga 0607"]
[Site "Austria"]
[Date "2007.02.18"]
[Round "9"]
[White "Vykydal, Frantisek"]
[Black "Sulyok, Michael"]
[Result "1-0"]
[WhiteElo "2264"]
[BlackElo "2217"]
[PlyCount "79"]
[EventDate "2006.09.17"]
[EventType "team-tourn"]
[EventRounds "11"]
[EventCountry "AUT"]
[SourceTitle "EXT 2022"]
[Source "ChessBase"]
[SourceDate "2021.10.06"]
[SourceVersion "1"]
[SourceVersionDate "2021.10.06"]
[SourceQuality "1"]

1. e4 g6 2. Nc3 Bg7 3. g3 d6 4. Bg2 c5 5. d3 Nc6 6. Be3 Rb8 7. a4 a6 8. Nge2 b5 9. axb5 axb5 10. d4 b4 11. Na4 cxd4 12. Nxd4 Bd7 13. 0-0 Qc7 14. h3 Nf6 15. Qd2 0-0 16. b3 Rfd8 17. Rfc1 Qb7 18. e5 dxe5 19. Nc5 Qc8 20. Nxd7 Nxd4 21. Nxb8 Nf3+ 22. Bxf3 Rxd2 23. Nc6 Rd7 24. Nxe5 Nd5 25. Nxd7 Bxa1 26. Bxd5 Qxd7 27. Rd1 Qb5 28. Bc4 Qa5 29. Rd5 Qc7 30. Bg5 e5 31. Bh6 Bd4 32. Kf1 Bc5 33. f4 exf4 34. Bxf4 Qb6 35. Rd7 Qf6 36. Rxf7 Qxf7 37. Bxf7+ Kxf7 38. Ke2 Ke6 39. Kd3 Kd5 40. g4 1-0

[Event "Vienna op-A 15th"]
[Site "Vienna"]
[Date "2006.08.03"]
[Round "6"]
[White "Sulyok, Michael"]
[Black "Ganaus, Hannes"]
[Result "1-0"]
[WhiteElo "2217"]
[BlackElo "2318"]
[PlyCount "81"]
[EventDate "2006.07.29"]
[EventType "swiss"]
[EventRounds "9"]
[EventCountry "AUT"]
[SourceTitle "CBM 113 Extra"]
[Source "ChessBase"]
[SourceDate "2006.09.14"]
[SourceVersion "1"]
[SourceVersionDate "2006.09.14"]
[SourceQuality "1"]

1. c4 e6 2. Nf3 d5 3. g3 g6 4. d4 Bg7 5. Bg2 Ne7 6. cxd5 exd5 7. Nc3 Nbc6 8. Bf4 a6 9. Qd2 h6 10. h4 Be6 11. Na4 Nf5 12. Rc1 Nd6 13. Nc5 Bc8 14. Ne5 Ne7 15. Qd3 c6 16. a3 Nef5 17. Rd1 Ne7 18. Rc1 0-0 19. Bf3 Bf5 20. Qd2 f6 21. Ng4 h5 22. Ne3 Bc8 23. g4 b6 24. Nb3 hxg4 25. Nxg4 Ne4 26. Qd1 Kh7 27. Nd2 Nd6 28. Rg1 Nef5 29. Rxc6 Bb7 30. Rxd6 Nxd6 31. h5 g5 32. Bxd6 Qxd6 33. Qc2+ f5 34. Ne3 Rac8 35. Qb1 Qf6 36. Bg4 Rce8 37. Nxf5 Kg8 38. Nf3 Bc8 39. Nxg7 Bxg4 40. Nxe8 Qe6 41. Rxg4 1-0

[Event "Vienna op-A 15th"]
[Site "Vienna"]
[Date "2006.07.31"]
[Round "3"]
[White "Arif, Bayu"]
[Black "Sulyok, Michael"]
[Result "0-1"]
[WhiteElo "2062"]
[BlackElo "2217"]
[PlyCount "80"]
[EventDate "2006.07.29"]
[EventType "swiss"]
[EventRounds "9"]
[EventCountry "AUT"]
[SourceTitle "CBM 113 Extra"]
[Source "ChessBase"]
[SourceDate "2006.09.14"]
[SourceVersion "1"]
[SourceVersionDate "2006.09.14"]
[SourceQuality "1"]

1. e4 g6 2. d4 Bg7 3. Nc3 d6 4. Nf3 a6 5. Be2 b5 6. 0-0 Bb7 7. a3 Nd7 8. Bg5 c5 9. d5 Ngf6 10. Nd2 0-0 11. f4 Qb6 12. Kh1 e6 13. Bf3 exd5 14. exd5 Rae8 15. Rb1 c4 16. b3 Qe3 17. Nde4 Nxe4 18. Nxe4 Rxe4 19. f5 Qxg5 20. Bxe4 Nc5 21. Bf3 Qxf5 22. bxc4 bxc4 23. Bg4 Qg5 24. Bf3 Be5 25. g3 Qe3 26. Bg2 Bc8 27. Qf3 Qxf3 28. Bxf3 Bf5 29. Rf2 h5 30. Re1 Rb8 31. Kg2 Rb2 32. h3 Rxc2 33. Rxc2 Bxc2 34. g4 hxg4 35. hxg4 Bd3 36. Be2 Bxe2 37. Rxe2 Nd3 38. Kf3 c3 39. Ke3 Nf4 40. Re1 Ng2+ 0-1

[Event "Vienna op-A 15th"]
[Site "Vienna"]
[Date "2006.07.29"]
[Round "1"]
[White "Sulyok, Michael"]
[Black "Wiesner, Hans Dieter"]
[Result "0-1"]
[WhiteElo "2217"]
[BlackElo "2023"]
[PlyCount "66"]
[EventDate "2006.07.29"]
[EventType "swiss"]
[EventRounds "9"]
[EventCountry "AUT"]
[SourceTitle "CBM 113 Extra"]
[Source "ChessBase"]
[SourceDate "2006.09.14"]
[SourceVersion "1"]
[SourceVersionDate "2006.09.14"]
[SourceQuality "1"]

1. c4 g5 2. Nc3 Bg7 3. g3 d6 4. Bg2 c5 5. d3 g4 6. h3 Nc6 7. hxg4 Bxg4 8. Nh3 h5 9. Bg5 Qa5 10. Bd2 h4 11. gxh4 Rxh4 12. Nf4 Rxh1+ 13. Bxh1 e6 14. Qb3 Qb4 15. Qc2 Nd4 16. Qd1 Qb6 17. Qa4+ Kf8 18. f3 Bf5 19. 0-0-0 Ne7 20. Rg1 Ng6 21. Nxg6+ Bxg6 22. Qd1 a6 23. f4 Bh5 24. Qf1 Nxe2+ 25. Nxe2 Qxb2+ 26. Kd1 Qb1+ 27. Bc1 Qxd3+ 28. Ke1 Bf6 29. Ng3 Bc3+ 30. Kf2 Bd4+ 31. Kg2 Qc2+ 32. Kh3 Qh7 33. Kg2 Bg4 0-1

[Event "Niederoesterreich Landesliga 0506"]
[Site "Austria"]
[Date "2006.04.23"]
[Round "13"]
[White "Sulyok, Michael"]
[Black "Penz, Harald"]
[Result "1-0"]
[WhiteElo "2164"]
[BlackElo "2283"]
[PlyCount "53"]
[EventDate "2005.09.18"]
[EventType "team-tourn"]
[EventRounds "13"]
[EventCountry "AUT"]
[SourceTitle "EXT 2022"]
[Source "ChessBase"]
[SourceDate "2021.10.06"]
[SourceVersion "1"]
[SourceVersionDate "2021.10.06"]
[SourceQuality "1"]

1. c4 Nf6 2. Nc3 d5 3. cxd5 Nxd5 4. g3 e5 5. Bg2 Nb6 6. Nf3 Nc6 7. 0-0 Be7 8. Rb1 0-0 9. b4 a6 10. a4 Bf5 11. b5 axb5 12. Rxb5 Bg6 13. Nxe5 Nxe5 14. Rxe5 c6 15. Qb3 Bf6 16. Re3 Bd4 17. Ba3 Bxe3 18. dxe3 Re8 19. Rd1 Qf6 20. Bb2 Ra6 21. a5 Nc8 22. Nd5 Qe6 23. Qc3 f6 24. Nc7 Qf7 25. Nxa6 bxa6 26. Bxc6 Rf8 27. Bd5 1-0

[Event "AUT-ch qual"]
[Site "Gmunden"]
[Date "2005.08.19"]
[Round "7"]
[White "Sulyok, Michael"]
[Black "Srienz, Christian"]
[Result "1/2-1/2"]
[WhiteElo "2207"]
[BlackElo "2299"]
[PlyCount "67"]
[EventDate "2005.08.13"]
[EventType "swiss"]
[EventRounds "9"]
[EventCountry "AUT"]
[SourceTitle "CBM 107 Extra"]
[Source "ChessBase"]
[SourceDate "2005.09.01"]
[SourceVersion "1"]
[SourceVersionDate "2005.09.01"]
[SourceQuality "1"]

1. c4 g6 2. Nc3 Bg7 3. d4 c5 4. dxc5 Na6 5. Be3 Qa5 6. Bd4 e5 7. Be3 Ne7 8. a3 Nf5 9. Bd2 Qxc5 10. b4 Qe7 11. e4 Nd4 12. Nd5 Qd8 13. Nf3 Ne6 14. c5 0-0 15. Bc3 f6 16. Bc4 b6 17. Qe2 Nb8 18. cxb6 axb6 19. Qe3 Nc6 20. Qxb6 Qxb6 21. Nxb6 Rb8 22. Nd5 Ncd4 23. Nxd4 exd4 24. Bd2 Bb7 25. 0-0 Kh8 26. Bd3 f5 27. exf5 gxf5 28. Bc4 d3 29. Rad1 Rbc8 30. Nb6 Rc6 31. Bxe6 dxe6 32. Nd7 Rd8 33. Nc5 Ba6 34. Rfe1 1/2-1/2